00686nam a22002177a 45000010005000000030009000050050017000140080041000310200015000720400028000870820020001151000020001352450100001552500013002552600031002683000039002995040051003385050025003896500030004147000024004448107BD-DhUAP20201206154426.0201206s2003 nyua b 001 0 eng  a0471270903 aDLCcDLCdBD-DhUAPbEng00a615.19 BUR 2231 aBurger, Alfred.10aBurger's medicinal chemistry and drug discovery /cAlfred Burger ; edited by Donald J. Abraham. a6th ed.  aNew York :bWiley,cc2003. avolumes :billustrations ;c26 cm. aIncludes bibliographical references and index.0 aV. 1-Drug discovery. 0aPharmaceutical chemistry. aAbraham, Donald J.